Normal view
MARC view
Entry Personal Name
001 - CONTROL NUMBER
- control field: 43688
003 - CONTROL NUMBER IDENTIFIER
- control field: dpl
005 - DATE AND TIME OF LATEST TRANSACTION
- control field: 20120310121718.0
008 - FIXED-LENGTH DATA ELEMENTS
- fixed length control field: 120310|||a|||||| | ||| d
040 ## - CATALOGING SOURCE
- Original cataloging agency: dpl
- Transcribing agency: dpl
100 ## - HEADING--PERSONAL NAME
- Personal name: दवसरे,हरिकृष्ण
670 ## - SOURCE DATA FOUND
- Source citation: Work cat.: (dpl): दवसरे,हरिकृष्ण, वायुयान-राकेट-अंतरिक्षयान /, 2004
670 ## - SOURCE DATA FOUND
- Source citation: Work cat.: (dpl): दवसरे,हरिकृष्ण, वायुयान-राकेट-अंतरिक्षयान /, 2004
